000 00612nam a2200217Ia 4500
005 20250923145406.0
008 008 250917s9999 xx 000 0 eng d
037 _aTextual
040 _aDSWL
_beng
_cDSWL
041 _aeng
_2eng
084 _aLB:4:7, N63
_qDSWL
100 _aSinghal, G.D.
_9834813
245 0 _aSurgical ethics in Ayurveda
_c by G.D.Singhal
260 _aBaransi
_bChowkhamba Sanskrit Series Office
_c1963
300 _a90 p.
365 _aINR
_b5 . 0
700 _a D.S.Gaur
_9834814
925 _g5 . 0
942 _cTEXL
_hLB:4:7, N63
999 _c1450805
_d1450805